000 00711nam a2200241 i 4500
001 17546
003 BD-RjUL
005 20211209000146.0
008 140217s1980 bg b 000 0 eng
035 _a(BD-RjUL)17604
040 _aDLC
_cDLC
_dDLC
_dBD-RjUL
_beng
041 _aeng
082 0 0 _a954.9205
_219
_bJAB
100 1 _aJahan, Rounaq.
_954064
245 1 0 _aBangladesh politics :
_bproblems and issues /
_cRounaq Jahan.
260 _aDacca :
_bUniversity Press,
_c1980.
300 _axxiv, 225 p. ;
_c22 cm.
504 _aIncludes bibliographical references and index.
651 0 _aBangladesh
_xPolitics and government.
_954065
942 _2ddc
_cBK
999 _c17546
_d17546